000 00430cam a22001457a 4500
008 180718b1961 xxu||||| |||| 00| 0 eng d
082 _aN1200x43 G679a
100 _aGoerlitz, Walter
245 _aHistory of the German general staff, 1657-1945
_cby Walter Goerlitz
260 _aNew York
_bPraeger
_c1961
300 _a508p.
500 _aFirst pub. 1953, $2.25
650 _agermany - Army
650 _aWar Departments - Germany
999 _c366596
_d366596